LIBRARY ONLINE CATALOGUE

So many leaders ... so little leadership : (Record no. 7384)

MARC details
000 -LEADER
fixed length control field 00861nam a22002292 4500
001 - CONTROL NUMBER
control field 0000007084
005 - DATE AND TIME OF LATEST TRANSACTION
control field 20151217152021.0
008 - FIXED-LENGTH DATA ELEMENTS--GENERAL INFORMATION
fixed length control field 071112s xx 000 0 eng d
020 ## - INTERNATIONAL STANDARD BOOK NUMBER
International Standard Book Number 9966805699 :
Terms of availability KES 590
040 ## - CATALOGING SOURCE
Original cataloging agency KABU
Transcribing agency KABU
100 1# - MAIN ENTRY--PERSONAL NAME
Personal name Stanko, John W.
-- 0000158129
245 10 - TITLE STATEMENT
Title So many leaders ... so little leadership :
Remainder of title beyond the power of position lies the price of leadership /
Statement of responsibility, etc. John W. Stanko.
260 ## - PUBLICATION, DISTRIBUTION, ETC. (IMPRINT)
Place of publication, distribution, etc. Nairobi :
Name of publisher, distributor, etc. WordAlive,
Date of publication, distribution, etc. 2007.
300 ## - PHYSICAL DESCRIPTION
Extent xiii, 143 p.
650 #0 - SUBJECT ADDED ENTRY--TOPICAL TERM
Topical term or geographic name as entry element Leadership
General subdivision Religious aspects
-- Christianity.
-- 0000149203
852 1# - LOCATION
-- p690 KES
852 1# - LOCATION
-- p690 KES
908 ## - PUT COMMAND PARAMETER (RLIN)
Put command parameter 071112
950 ## - LOCAL HOLDINGS (RLIN)
-- 1
Holdings
Withdrawn status Lost status Source of classification or shelving scheme Not for loan Home library Current library Date acquired Total Checkouts Full call number Barcode Date last seen Price effective from Koha item type Total Renewals Date last checked out Cost, normal purchase price Copy number
    Library of Congress Classification   Kabarak, Main Campus Kabarak, Main Campus 17/12/2015   BV4597.53 .L43S73 c. 1 010832 17/12/2015 17/12/2015 General Collection        
    Library of Congress Classification   Kabarak, Main Campus Kabarak, Main Campus 17/12/2015 1 BV4597.53 .L43S73 c. 2 010833 17/02/2020 17/12/2015 General Collection 1 03/12/2019    
    Library of Congress Classification   Kabarak, Main Campus Kabarak, Main Campus 17/12/2015 3 BV4597.53 .L43S73 c. 3 014782 11/03/2025 17/12/2015 General Collection   05/03/2025    
    Library of Congress Classification   Kabarak, Main Campus Kabarak, Main Campus 17/12/2015 5 BV4597.53 .L43S73 c. 4 014784 24/08/2021 17/12/2015 General Collection   12/08/2021    
    Library of Congress Classification   Kabarak, Main Campus Kabarak, Main Campus 09/07/2018   BV4597.53 .L43S73 c. 5 025451 09/07/2018 09/07/2018 General Collection     800.00  
    Library of Congress Classification   Kabarak, Main Campus Kabarak, Main Campus 09/07/2018   BV4597.53 .L43S73 c. 6 025452 09/07/2018 09/07/2018 General Collection     800.00  
    Library of Congress Classification   Kabarak, Main Campus Kabarak, Main Campus 09/07/2018   BV4597.53 .L43S73 c. 7 022065 10/08/2018 09/07/2018 General Collection     800.00 c. 7